[Event "COL-ch U2000"]
[Site "Pereira"]
[Date "2019.03.23"]
[Round "4"]
[White "Martinez, Luis Hernando"]
[Black "Ramos Arboleda, Dellys Carolina"]
[Result "1-0"]
[WhiteElo "1888"]
[BlackElo "1753"]
[PlyCount "77"]
[EventDate "2019.03.21"]
[EventType "swiss"]
[EventRounds "9"]
[EventCountry "COL"]
[SourceTitle "CBM 189 Extra"]
[Source "ChessBase"]
[SourceDate "2019.06.03"]
[SourceVersion "1"]
[SourceVersionDate "2019.06.03"]
[SourceQuality "1"]

1. e4 c5 2. Nc3 d6 3. g3 g6 4. Bg2 Bg7 5. d3 Nf6 6. f4 Nc6 7. Nf3 Qc7 8. 0-0 0-0 9. h3 Rd8 10. Kh2 d5 11. e5 Ne8 12. Bd2 Bh8 13. Qe1 Ng7 14. Rc1 f6 15. exf6 exf6 16. a3 Be6 17. Qf2 Qb6 18. Na4 Qb5 19. Nxc5 Bf7 20. Nb3 f5 21. Bc3 Rd7 22. Nbd4 Nxd4 23. Qxd4 h6 24. a4 Qb6 25. Rfe1 Rd6 26. Re7 Re8 27. Rce1 Kf8 28. Qxb6 Rxb6 29. Rxe8+ Bxe8 30. a5 Ra6 31. Ne5 Ne6 32. Bxd5 Nd8 33. Bc4 b5 34. axb6 Rxb6 35. Nxg6+ Bxg6 36. Bxh8 Bf7 37. Bd4 Rc6 38. b3 Bxc4 39. dxc4 1-0

[Event "COL-ch U26 (Women)"]
[Site "Medellin"]
[Date "2018.10.18"]
[Round "2"]
[White "Florez Hernandez, Stefany Juliet"]
[Black "Ramos Arboleda, Dellys Carolina"]
[Result "1/2-1/2"]
[WhiteElo "1497"]
[BlackElo "1773"]
[PlyCount "91"]
[EventDate "2018.10.18"]
[EventType "swiss"]
[EventRounds "6"]
[EventCountry "COL"]
[SourceTitle "CBM 187 Extra"]
[Source "ChessBase"]
[SourceDate "2018.11.04"]
[SourceVersion "1"]
[SourceVersionDate "2018.11.04"]
[SourceQuality "1"]

1. d4 d5 2. e3 Bf5 3. c4 e6 4. Nc3 Nf6 5. Nf3 Be7 6. Be2 0-0 7. 0-0 c6 8. h3 Qc7 9. Bd3 Bxd3 10. Qxd3 Nbd7 11. b3 Rad8 12. Bb2 Rfe8 13. Rad1 Bf8 14. Ne2 Ne4 15. Qc2 Qb6 16. Nc3 Ndf6 17. Ne5 Nxc3 18. Bxc3 Ne4 19. Be1 f6 20. Nd3 Ng5 21. Bc3 Rc8 22. f3 Qc7 23. h4 Nf7 24. c5 Qg3 25. Be1 Qg6 26. Qe2 e5 27. Qf2 Re7 28. Qg3 Qf5 29. Qg4 Qxg4 30. fxg4 exd4 31. exd4 Re4 32. Rf4 Rce8 33. Bf2 Rxf4 34. Nxf4 Re4 35. g3 g5 36. hxg5 fxg5 37. Nh5 Be7 38. Re1 Nh6 39. Kg2 Nxg4 40. Kf3 Nxf2 41. Kxf2 Rxe1 42. Kxe1 Kf7 43. g4 Bd8 44. Kd2 b6 45. b4 Bc7 46. Kd3 1/2-1/2

[Event "Medellin Flores op 24th"]
[Site "Medellin"]
[Date "2017.08.06"]
[Round "6"]
[White "Ramos Arboleda, Dellys Carolina"]
[Black "Ojeda, Jesus David"]
[Result "0-1"]
[WhiteElo "1766"]
[BlackElo "2052"]
[PlyCount "82"]
[EventDate "2017.08.03"]
[EventType "swiss"]
[EventRounds "9"]
[EventCountry "COL"]
[SourceTitle "CBM 179 Extra"]
[Source "ChessBase"]
[SourceDate "2017.08.23"]
[SourceVersion "1"]
[SourceVersionDate "2017.08.23"]
[SourceQuality "1"]

1. e4 e5 2. Nf3 Nc6 3. Bb5 a6 4. Ba4 Nf6 5. 0-0 Be7 6. Re1 b5 7. Bb3 d6 8. c3 Na5 9. Bc2 c5 10. d3 0-0 11. h3 Re8 12. Nbd2 Qc7 13. Nf1 Bf8 14. Ng3 g6 15. Qe2 Bg7 16. b3 Bb7 17. Bb2 Rac8 18. Rac1 d5 19. Bb1 c4 20. dxc4 dxc4 21. b4 Nc6 22. Rcd1 Nd8 23. Bc1 Ne6 24. Be3 Nf4 25. Qc2 Nd3 26. Re2 Nxe4 27. Nxe4 Bxe4 28. Nd2 Bb7 29. a4 f5 30. a5 e4 31. Bb6 Qc6 32. Nf1 f4 33. Qd2 Bh6 34. Bxd3 cxd3 35. Qa2+ Qd5 36. Qb2 dxe2 37. Rxd5 exf1Q+ 38. Kxf1 Bxd5 39. Qd2 Bc4+ 40. Kg1 e3 41. Qe1 Bg7 0-1

[Event "American Continental 13th"]
[Site "Medellin"]
[Date "2017.06.16"]
[Round "9"]
[White "Giraldo, Leonardo Emilio"]
[Black "Ramos Arboleda, Dellys Carolina"]
[Result "1-0"]
[WhiteElo "1912"]
[BlackElo "1664"]
[PlyCount "61"]
[EventDate "2017.06.10"]
[EventType "swiss"]
[EventRounds "11"]
[EventCountry "COL"]
[SourceTitle "EXT 2018"]
[Source "ChessBase"]
[SourceDate "2017.10.13"]
[SourceVersion "1"]
[SourceVersionDate "2017.10.13"]
[SourceQuality "1"]

1. e4 c5 2. Nf3 d6 3. d4 cxd4 4. Qxd4 Nc6 5. Bb5 Bd7 6. Bxc6 Bxc6 7. Nc3 Nf6 8. Bg5 Nd7 9. 0-0-0 Qb6 10. Qd2 Rc8 11. Rhe1 h6 12. Be3 Qa5 13. Kb1 Nb6 14. Bxb6 Qxb6 15. Nd4 e6 16. f3 Be7 17. f4 0-0 18. g4 e5 19. Nf5 Rfe8 20. h4 Bf8 21. g5 exf4 22. Qxf4 hxg5 23. hxg5 Bd7 24. Nd5 Qc5 25. c3 Bxf5 26. Qxf5 Re5 27. Qg4 Rce8 28. Rh1 f5 29. gxf6 Rxe4 30. Qg6 Qf2 31. f7+ 1-0

[Event "American Continental 13th"]
[Site "Medellin"]
[Date "2017.06.14"]
[Round "7"]
[White "Chang, Suzana"]
[Black "Ramos Arboleda, Dellys Carolina"]
[Result "1-0"]
[WhiteElo "2127"]
[BlackElo "1664"]
[PlyCount "53"]
[EventDate "2017.06.10"]
[EventType "swiss"]
[EventRounds "11"]
[EventCountry "COL"]
[SourceTitle "CBM 178 Extra"]
[Source "ChessBase"]
[SourceDate "2017.06.22"]
[SourceVersion "1"]
[SourceVersionDate "2017.06.22"]
[SourceQuality "1"]

1. d4 d5 2. c4 c6 3. cxd5 cxd5 4. Nc3 e6 5. Nf3 Be7 6. Bf4 Nf6 7. e3 0-0 8. Bd3 Nbd7 9. h3 Qa5 10. 0-0 Ne8 11. Qc2 h6 12. Nb5 Nb6 13. Nd2 Bb4 14. Nb3 Qa4 15. a3 Be7 16. Rac1 Bd7 17. Nc3 Qc6 18. Na5 Qc8 19. Qe2 Bc6 20. b4 a6 21. Nxc6 Qxc6 22. b5 Qd7 23. bxa6 bxa6 24. Bxa6 Bxa3 25. Rb1 Qc6 26. Rb3 Nc4 27. Bb7 1-0

[Event "Medellin Easter op 7th"]
[Site "Medellin"]
[Date "2017.04.13"]
[Round "3"]
[White "Zapata Cuartas, Juan Carlos"]
[Black "Ramos Arboleda, Dellys Carolina"]
[Result "1-0"]
[WhiteElo "2074"]
[BlackElo "1603"]
[PlyCount "89"]
[EventDate "2017.04.12"]
[EventType "swiss"]
[EventRounds "8"]
[EventCountry "COL"]
[SourceTitle "CBM 177 Extra"]
[Source "ChessBase"]
[SourceDate "2017.04.27"]
[SourceVersion "1"]
[SourceVersionDate "2017.04.27"]
[SourceQuality "1"]

1. d4 d5 2. c4 c6 3. Nf3 g6 4. cxd5 cxd5 5. Nc3 Nf6 6. Bf4 Bg7 7. e3 0-0 8. h3 Nc6 9. Be2 Qa5 10. 0-0 Bf5 11. a3 Rfe8 12. b4 Qd8 13. Rc1 Rc8 14. Bb5 a6 15. Bxc6 Rxc6 16. Ne5 Rc8 17. Na4 Nd7 18. Nc5 b6 19. Nxa6 Rxc1 20. Qxc1 Nxe5 21. dxe5 Qd7 22. Qc7 Qxc7 23. Nxc7 Rd8 24. Rd1 e6 25. Nb5 Bc2 26. Rc1 Bd3 27. Nd4 Bc4 28. f3 Ra8 29. Rc3 h6 30. h4 Kf8 31. g4 Ke7 32. Kg2 b5 33. g5 hxg5 34. hxg5 Kd7 35. e4 Rh8 36. exd5 exd5 37. Bg3 Bf8 38. f4 Be7 39. Bf2 Rh7 40. Re3 Rg7 41. e6+ fxe6 42. Rxe6 Bd6 43. f5 gxf5 44. Rxd6+ Kxd6 45. Nxf5+ 1-0

[Event "Medellin sf1 U18 Girls"]
[Site "Medellin"]
[Date "2017.02.24"]
[Round "2.4"]
[White "Cardoso Cardoso, Jaidy Marcela"]
[Black "Ramos Arboleda, Dellys Carolina"]
[Result "1-0"]
[WhiteElo "1776"]
[BlackElo "1703"]
[PlyCount "28"]
[EventDate "2017.02.23"]
[EventType "swiss"]
[EventRounds "5"]
[EventCountry "COL"]
[SourceTitle "EXT 2024"]
[Source "ChessBase"]
[SourceDate "2023.10.10"]
[SourceVersion "1"]
[SourceVersionDate "2023.10.10"]
[SourceQuality "1"]

1. d4 c5 2. d5 Nf6 3. c4 d6 4. Nc3 g6 5. e4 Bg7 6. g3 0-0 7. Bg2 Nbd7 8. f4 Nb6 9. Qd3 e6 10. Nge2 Ne8 11. 0-0 exd5 12. Nxd5 f5 13. Nxb6 Qxb6 14. Qd5+ Kh8 1-0

[Event "Medellin Construct op"]
[Site "Medellin"]
[Date "2017.01.27"]
[Round "3"]
[White "Ramos Arboleda, Dellys Carolina"]
[Black "Toro Castaneda, Elizabeth"]
[Result "1-0"]
[WhiteElo "1662"]
[BlackElo "1876"]
[PlyCount "55"]
[EventDate "2017.01.25"]
[EventType "swiss"]
[EventRounds "7"]
[EventCountry "COL"]
[SourceTitle "CBM 176 Extra"]
[Source "ChessBase"]
[SourceDate "2017.03.02"]
[SourceVersion "1"]
[SourceVersionDate "2017.03.02"]
[SourceQuality "1"]

1. e4 c5 2. Nf3 d6 3. d4 cxd4 4. Nxd4 Nf6 5. Nc3 g6 6. Be3 Bg7 7. f3 0-0 8. Bc4 Nc6 9. Qd2 Bd7 10. 0-0-0 Qc7 11. Bb3 Ne5 12. Bh6 Nc4 13. Bxc4 Qxc4 14. Bxg7 Kxg7 15. g4 b5 16. Qe2 Qxe2 17. Ndxe2 b4 18. Nd5 Nxd5 19. Rxd5 a5 20. Re1 Bc6 21. Rd2 Rfc8 22. Nd4 e6 23. Red1 Ra6 24. Rd3 Bb7 25. Nb5 d5 26. e5 Rb6 27. Nd6 Rc7 28. Ne8+ 1-0

[Event "COL-ch Superate B (Women)"]
[Site "Colombia"]
[Date "2015.10.15"]
[Round "3.4"]
[White "Vargas Siempira, Diana Alejandra"]
[Black "Ramos Arboleda, Dellys Carolina"]
[Result "1/2-1/2"]
[WhiteElo "1681"]
[BlackElo "1648"]
[PlyCount "66"]
[EventDate "2015.10.15"]
[EventType "swiss (rapid)"]
[EventRounds "6"]
[EventCountry "COL"]
[SourceTitle "EXT 2024"]
[Source "ChessBase"]
[SourceDate "2023.10.10"]
[SourceVersion "1"]
[SourceVersionDate "2023.10.10"]
[SourceQuality "1"]

1. e4 c5 2. Nf3 Nc6 3. Nc3 d6 4. d3 Nf6 5. g3 g6 6. Bg2 Bg7 7. 0-0 0-0 8. Nh4 Bd7 9. f4 Qb6 10. Kh1 c4 11. dxc4 Ng4 12. Qe1 Nb4 13. Nd5 Nxd5 14. cxd5 Bd4 15. h3 Bf2 16. Qe2 Bxg3 17. Nxg6 Nf2+ 18. Rxf2 Qxf2 19. Qxf2 Bxf2 20. Nxf8 Kxf8 21. Bd2 Kg7 22. Rf1 Bd4 23. b3 Rc8 24. c4 b5 25. Rc1 bxc4 26. Rxc4 Rxc4 27. bxc4 Bc5 28. Bf1 Kh6 29. f5+ Kg7 30. Bc3+ Kh6 31. Bd2+ Kg7 32. Bc3+ Kh6 33. Bd2+ Kg7 1/2-1/2

[Event "COL-ch Superate B (Women)"]
[Site "Colombia"]
[Date "2015.10.14"]
[Round "8.2"]
[White "Fiesco, Valentina"]
[Black "Ramos Arboleda, Dellys Carolina"]
[Result "0-1"]
[WhiteElo "1785"]
[BlackElo "1648"]
[PlyCount "78"]
[EventDate "2015.10.14"]
[EventType "swiss (blitz)"]
[EventRounds "12"]
[EventCountry "COL"]
[SourceTitle "EXT 2024"]
[Source "ChessBase"]
[SourceDate "2023.10.10"]
[SourceVersion "1"]
[SourceVersionDate "2023.10.10"]
[SourceQuality "1"]

1. d4 d5 2. c4 e6 3. e3 Nf6 4. Nf3 c5 5. Nc3 Nc6 6. Bd3 Be7 7. 0-0 0-0 8. Qe2 Bd7 9. b3 Nb4 10. Ba3 Nxd3 11. Qxd3 cxd4 12. Bxe7 Qxe7 13. exd4 Bc6 14. Ne5 Rfd8 15. Rfe1 Rac8 16. Rac1 dxc4 17. bxc4 Qd6 18. Nxc6 bxc6 19. Ne2 c5 20. Red1 Qc6 21. Qc3 Qe4 22. Ng3 Qc6 23. dxc5 Qxc5 24. Qc2 Rxd1+ 25. Qxd1 Qa5 26. Rc2 h6 27. h3 Qa4 28. Qd3 a5 29. Ne4 Nd5 30. Qd2 Rxc4 31. Rxc4 Qxc4 32. Nd6 Qb4 33. Qxb4 axb4 34. Kf1 Kf8 35. Ke2 Nc3+ 36. Kd3 Nxa2 37. Kc2 Ke7 38. Nc4 Kd7 39. Kb3 Nc1+ 0-1

[Event "COL-ch Superate B (Women)"]
[Site "Colombia"]
[Date "2015.10.14"]
[Round "6.4"]
[White "Martinez, Claudia Marcela"]
[Black "Ramos Arboleda, Dellys Carolina"]
[Result "0-1"]
[WhiteElo "1629"]
[BlackElo "1648"]
[PlyCount "102"]
[EventDate "2015.10.14"]
[EventType "swiss (blitz)"]
[EventRounds "12"]
[EventCountry "COL"]
[SourceTitle "EXT 2024"]
[Source "ChessBase"]
[SourceDate "2023.10.10"]
[SourceVersion "1"]
[SourceVersionDate "2023.10.10"]
[SourceQuality "1"]

1. e4 c5 2. Nf3 d6 3. d4 cxd4 4. Nxd4 Nf6 5. Nc3 g6 6. Bg5 Bg7 7. Bc4 Nc6 8. Qd2 0-0 9. 0-0-0 Bd7 10. Kb1 Rc8 11. Bb3 Ne5 12. f4 Nc4 13. Qd3 Na5 14. e5 dxe5 15. fxe5 Nh5 16. g4 Bxg4 17. Rdf1 Nxb3 18. axb3 Bxe5 19. h3 Bd7 20. Rd1 Bxd4 21. Qxd4 Bc6 22. Qxd8 Rcxd8 23. Rhe1 Rxd1+ 24. Rxd1 f6 25. Bh6 Re8 26. b4 g5 27. Ne2 Bf3 28. Rd2 Kf7 29. Nd4 Bc6 30. Nxc6 bxc6 31. Rf2 Kg6 32. Bxg5 fxg5 33. c4 e5 34. Kc2 e4 35. Kd2 e3+ 36. Ke2 exf2+ 37. Kxf2 Nf4 38. Kf3 Nd3 39. b3 Nxb4 40. c5 Nd3 41. b4 Nxb4 42. Kg4 Re4+ 43. Kf3 Rc4 44. Ke2 Rxc5 45. Ke1 Rd5 46. Ke2 c5 47. Ke1 c4 48. Ke2 c3 49. Kf2 c2 50. Kf3 c1Q 51. Kg4 Qf4# 0-1

[Event "COL-ch Superate B (Women)"]
[Site "Colombia"]
[Date "2015.10.14"]
[Round "1.7"]
[White "Ramos Arboleda, Dellys Carolina"]
[Black "Medina Barrios, Lina Maria"]
[Result "0-1"]
[WhiteElo "1648"]
[BlackElo "1417"]
[PlyCount "89"]
[EventDate "2015.10.14"]
[EventType "swiss (blitz)"]
[EventRounds "12"]
[EventCountry "COL"]
[SourceTitle "EXT 2024"]
[Source "ChessBase"]
[SourceDate "2023.10.10"]
[SourceVersion "1"]
[SourceVersionDate "2023.10.10"]
[SourceQuality "1"]

1. e4 c5 2. Nf3 e6 3. d4 cxd4 4. Nxd4 a6 5. c4 Nf6 6. Nc3 Bb4 7. Bd3 0-0 8. Bd2 Bc5 9. Nf3 Qb6 10. 0-0 Ng4 11. Be1 d6 12. h3 Nf6 13. Qc2 Nbd7 14. Na4 Qc7 15. Nxc5 Qxc5 16. b4 Qc7 17. Bc3 b6 18. Rfe1 Bb7 19. e5 dxe5 20. Nxe5 Rfd8 21. Nxd7 Rxd7 22. Bxf6 gxf6 23. Bxh7+ Kf8 24. Rad1 Rad8 25. Rxd7 Rxd7 26. Be4 b5 27. cxb5 Qxc2 28. Bxc2 axb5 29. Rd1 Rc7 30. Bb3 Ke7 31. Kh2 f5 32. Kg3 Kf6 33. Rd2 Rc1 34. Rc2 Rg1 35. f3 e5 36. Rc7 Ba8 37. Rxf7+ Kg5 38. h4+ Kh6 39. Rxf5 e4 40. Rf4 e3 41. Rf6+ Kg7 42. Re6 Re1 43. Re8 Bc6 44. Bc2 Rc1 45. Bd3 0-1

[Event "Bogota Superate Cat B Avanzado Girls"]
[Site "Bogota"]
[Date "2015.10.13"]
[Round "4.7"]
[White "Ramos Arboleda, Dellys Carolina"]
[Black "Guerra Verano, Diana"]
[Result "0-1"]
[WhiteElo "1648"]
[BlackElo "1647"]
[PlyCount "90"]
[EventDate "2015.10.12"]
[EventType "swiss"]
[EventRounds "5"]
[EventCountry "COL"]
[SourceTitle "EXT 2024"]
[Source "ChessBase"]
[SourceDate "2023.10.10"]
[SourceVersion "1"]
[SourceVersionDate "2023.10.10"]
[SourceQuality "1"]

1. e4 c5 2. Nf3 e6 3. d4 cxd4 4. Nxd4 a6 5. c4 Qc7 6. Nc3 Nf6 7. Qc2 Be7 8. Be2 Nc6 9. Be3 Ne5 10. Rc1 Neg4 11. h3 Nxe3 12. fxe3 Qg3+ 13. Kd2 Qd6 14. Qd3 b6 15. Bf3 Rb8 16. Rhd1 0-0 17. Ke2 Bb7 18. Qc2 Qc7 19. b3 Rfc8 20. Kf1 Ba3 21. Rb1 b5 22. Be2 Bb4 23. a3 Bxc3 24. Qxc3 Nxe4 25. Qd3 Ng3+ 26. Kg1 Be4 27. Qd2 Bxb1 28. Rxb1 Nxe2+ 29. Nxe2 bxc4 30. Rc1 Rxb3 31. Qa2 Rxe3 32. Kf1 d5 33. a4 h6 34. Qd2 Qe5 35. Nd4 Qf4+ 36. Kg1 Re4 37. Qxf4 Rxf4 38. Ne2 Re4 39. Kf2 Rb8 40. Nc3 Rb2+ 41. Kg1 Rd4 42. Nd1 Rxd1+ 43. Rxd1 c3 44. Kh2 c2 45. Rc1 d4 0-1

[Event "Bogota IRT Categoria A U14 Girls"]
[Site "Bogota"]
[Date "2013.10.27"]
[Round "1.4"]
[White "Ramos Arboleda, Dellys Carolina"]
[Black "Cardona Martinez, Lina Sofia"]
[Result "1-0"]
[WhiteElo "1554"]
[BlackElo "1818"]
[PlyCount "93"]
[EventDate "2013.10.27"]
[EventType "swiss"]
[EventRounds "5"]
[EventCountry "COL"]
[SourceTitle "EXT 2024"]
[Source "ChessBase"]
[SourceDate "2023.10.10"]
[SourceVersion "1"]
[SourceVersionDate "2023.10.10"]
[SourceQuality "1"]

1. e4 c5 2. Nf3 e6 3. d4 cxd4 4. Nxd4 Nf6 5. Nc3 a6 6. Bg5 Be7 7. e5 Nd5 8. Bxe7 Nxe7 9. Qd2 Qc7 10. f4 d6 11. Nxe6 Bxe6 12. exd6 Qd8 13. dxe7 Qxe7 14. 0-0-0 0-0 15. Bd3 f5 16. Qe2 Nc6 17. Rhe1 Rae8 18. Bc4 Rf6 19. Nd5 Bxd5 20. Bxd5+ Kf8 21. Qxe7+ Rxe7 22. Rxe7 Kxe7 23. Re1+ Kd7 24. a3 Rd6 25. c4 Kc7 26. Kd2 Kd7 27. Kc3 Rh6 28. h3 Rh4 29. Rf1 Rh6 30. b4 Rd6 31. Rf3 Kc7 32. Rg3 g6 33. Re3 h6 34. a4 g5 35. fxg5 f4 36. Re6 Rxe6 37. Bxe6 hxg5 38. b5 axb5 39. axb5 Ne7 40. Kd4 Ng6 41. Bf5 Ne7 42. Ke5 Kb6 43. Kf6 Nxf5 44. Kxf5 Kc5 45. Kxg5 Kxc4 46. h4 Kxb5 47. h5 1-0